No Rain Lyrics - Statistics

General Stats
  • This quiz has been taken 391 times
  • The average score is 117 of 149
Answer Stats
Lyrics % Correct
I
99%
A
97%
Rain
95%
Is
94%
No
94%
The
94%
Can
93%
My
93%
Say
93%
All
92%
Life
92%
That
92%
Do
90%
Like
89%
Plain
89%
Pretty
89%
To
89%
An
88%
It
88%
And
87%
So
86%
For
84%
Of
84%
It's
82%
Its
82%
Just
82%
Point
82%
View
82%
Me
80%
Some
80%
Two
80%
Tea
79%
Gather
78%
Not
78%
There
78%
Watching
77%
You
77%
Sane
75%
Want
75%
But
74%
Pour
71%
Puddles
71%
Stay
70%
Be
69%
Don't
66%
Read
66%
When
66%
Book
65%
Speak
64%
Awake
63%
Day
62%
Escape
62%
I'll
62%
Away
61%
Great
60%
Always
59%
There's
59%
Sleep
58%
Why
58%
Complain
57%
Understand
57%
With
57%
Have
56%
Rips
54%
Someone
54%
Start
54%
Made
51%
Insane
49%
Know
48%
Wake
47%
Keep
46%
I'm
43%
Today
38%
Dry
35%
I'd
34%
Think
34%
Cheeks
27%
No matching quizzes found
Score Distribution
Percent of People with Each Score
Percentile by Number Answered
Your Score History
You have not taken this quiz